| 000 | 01093nam a2200337 c 4500 | ||
|---|---|---|---|
| 003 | BLK | ||
| 005 | 20250108094421.0 | ||
| 008 | 180409b bul|||||r ||||||| ||bul|| | ||
| 010 | _aKNG00120635000 | ||
| 020 |
_a9783-411-71073-7 _bиздат.: Dudenverl. |
||
| 040 | _aBLK | ||
| 041 |
_aDEU _cDEU |
||
| 072 | 7 |
_2bullib _aН9902 _xНемска читалня - художествена Н |
|
| 080 |
_aНемска литература _b821.112.2 _x-93-32 _z821.112.2-93-32 |
||
| 100 | 1 |
_aSchulze, Hanneliese _eпърви автор _9313969 |
|
| 700 | 1 |
_aHansen, Christiane _eил. _9313971 |
|
| 139 |
_aSchulze, Hanneliese _bS 38 |
||
| 245 | 1 | 0 |
_aDie vertauschten Schuhe _cHanneliese Schulze; ил. Christiane Hansen. |
| 257 | _aDEU | ||
| 260 |
_аMannheim _bDudenverl. _c2010 |
||
| 300 |
_a34 c. _bс ил. _c23 cm |
||
| 380 | _aDX | ||
| 490 | 1 |
_aLesedetektive _v1. Klasse |
|
| 659 | _aН | ||
| 852 | _aЦб 71705 | ||
| 856 | 4 |
_qpdf _u |
|
| 856 | 4 |
_qpdf _u |
|
| 942 |
_cKNG _n0 _01 |
||
| 944 |
_aCR _c05.01.2011 _k30537 _lГрета Цуфелде |
||
| 944 |
_aED _c05.01.2011 _k |
||
| 999 |
_c115168 _d115168 |
||